| 000 | 01002nam a2200229 i 4500 | ||
|---|---|---|---|
| 001 | 165845 | ||
| 003 | ES-MaACL | ||
| 005 | 20250628040021.0 | ||
| 008 | 940301s1885 sp |||| | spa d | ||
| 040 |
_aAS _bspa |
||
| 100 | 1 |
_aSuárez, Marco Fidel, _d1855-1927 _9132977 |
|
| 245 | 1 | 0 |
_aEstudios gramaticales _b: introducción a las obras filológicas de D. Andrés Bello / _cpor Marco Fidel Suárez ; con una advertencia y noticia bibliográfica por Miguel Antonio Caro. |
| 260 |
_aMadrid : _b[s.n.], _c1885 ( _fImprenta de A. Pérez Dubrull) |
||
| 300 |
_aXVI, 382 p. ; _c17 cm. |
||
| 490 | 1 |
_aColección de escritores castellanos. Filólogos ; _v26 |
|
| 597 | _aPort. a dos tintas, orlada, con grab. xil. | ||
| 600 | 1 | 4 |
_aBello, Andrés- _xCrítica e interpretación. _9149645 |
| 700 | 1 |
_aCaro, Miguel Antonio, _d1843-1909 _935400 |
|
| 830 | 0 |
_aColección de escritores castellanos. Filólogos ; _v26 _9188579 |
|
| 852 |
_aES-MaACL _jF-12483 _z-- Enc. hol. |
||
| 999 |
_c165845 _d165845 |
||